Una habitación propia.

Saved in:
Bibliographic Details
Main Author: Woolf, Virginia, 1882-1941 (autora)
Other Authors: Pujol, Laura (traducción)
Format: Unknown
Language:English
Published: Santiago, Chile: Austral, 2023.
Edition:Primera edición.
Series:Austral Singular.
Subjects:
Tags: Add Tag
No Tags, Be the first to tag this record!

MARC

LEADER 00000 a2200000 4500
003 CL-VaPUC
005 20230607091832.0
008 230530t2023 ||||| |||| 00| 0 eng d
999 |c 440784  |d 440782 
040 |c Pontificia Universidad Católica de Valparaíso 
082 |2 22  |a 823 WOO 2023 
100 |9 265377  |a Woolf, Virginia,   |d 1882-1941  |e autora 
245 |a Una habitación propia. 
250 |a Primera edición. 
260 |a Santiago, Chile:  |b Austral,   |c 2023. 
300 |a 153 páginas.  
490 |a Austral Singular. 
583 |k Catalogador Asistente  |c 20230530 
650 0 |9 265220  |a Novelas inglesas  |x Mujeres en literatura   |y Siglo 20 
650 0 |9 312907  |a Literatura inglesa  |x Mujeres escritoras  |x Condiciones sociales   |y Siglo 20 
700 |9 882663  |a Pujol, Laura   |e traducción 
942 |2 ddc  |c BK 
952 |0 0  |1 0  |2 ddc  |4 0  |6 823_000000000000000_WOO_2023  |7 0  |8 A  |9 590185  |a BIBART  |b BIBART  |c GEN  |d 2023-05-25  |e 181  |g 9900.00  |i 5657534  |l 8  |m 4  |o 823 WOO 2023  |p 5657534  |q 2025-05-13  |r 2025-04-29  |s 2025-04-29  |t 1  |v 9900.00  |w 2023-05-25  |y BK  |k ART